La Polinesia (Record no. 151828)

MARC details
000 -LEADER
campo de control de longitud fija 01085nam a2200241 i 4500
001 - NÚMERO DE CONTROL
campo de control 151828
003 - IDENTIFICADOR DE NÚMERO DE CONTROL
campo de control ES-MaACL
005 - FECHA Y HORA DE LA ÚLTIMA TRANSACCIÓN
campo de control 20230906204412.0
008 - DATOS DE LONGITUD FIJA--INFORMACIÓN GENERAL
campo de control de longitud fija 931025s1884 sp b |||| | spa d
080 ## - NÚMERO DE LA CLASIFICACIÓN DECIMAL UNIVERSAL
Número de la Clasificación Decimal Universal 913(9)
100 1# - ENTRADA PRINCIPAL--NOMBRE DE PERSONA
Nombre de persona Beltrán y Rózpide, Ricardo.
9 (RLIN) 27381
245 13 - MENCIÓN DEL TÍTULO
Título La Polinesia
Resto del título : descubrimiento, reseña y descripción geográficas, clima, constitución geológica... y consideraciones acerca de la importancia y porvenir comercial y político de dichas islas... /
Mención de responsabilidad, etc. por Ricardo Beltrán y Rózpide.
260 ## - PUBLICACIÓN, DISTRIBUCIÓN, ETC.
Lugar de publicación, distribución, etc. Madrid :
Nombre del editor, distribuidor, etc. [s.n.],
Fecha de publicación, distribución, etc. 1884 (
Fabricante Imp. de Fortanet)
300 ## - DESCRIPCIÓN FÍSICA
Extensión VIII, 297 p., [1] h. de mapa, [3] h. de mapas pleg. ;
Dimensiones 24 cm.
530 ## - NOTA DISPONIBLE DE FORMULARIO FÍSICO ADICIONAL
Nota de formato físico adicional disponible Disponible en formato digital.
597 ## - NOTA DE DESCRIPCIÓN FÍSICA
NOTA DE DESCRIPCIÓN FÍSICA Antep.
597 ## - NOTA DE DESCRIPCIÓN FÍSICA
NOTA DE DESCRIPCIÓN FÍSICA Port. a dos tintas.
599 ## - NOTA A LAS ILUSTRACIONES
NOTA A LAS ILUSTRACIONES Mapas de la Polinesia: "Lit. Viuda de Roldan, Madrid" ; "Lit. Espíritu Santo, Madrid"
650 04 - PUNTO DE ACCESO ADICIONAL DE MATERIA--TÉRMINO DE MATERIA
Término de materia o nombre geográfico como elemento de entrada Polinesia-
Subdivisión general Descripción.
9 (RLIN) 221756
852 ## - LOCALIZACIÓN
Ubicación ES-MaACL
Número de control de estantería G-11434
Nota libre - Enc. hol.
856 ## - LOCALIZACIÓN Y ACCESO ELECTRÓNICOS
Identificador Uniforme de Recursos <a href="http://bdh-rd.bne.es/viewer.vm?id=0000037941&page=1 ">http://bdh-rd.bne.es/viewer.vm?id=0000037941&page=1 </a>
Nota pública Biblioteca Digital Hispánica
Holdings
Estatus retirado Estado de pérdida Estado de daño No para préstamo Colección Biblioteca de origen Biblioteca actual Ubicación en estantería Fecha de adquisición Fuente de adquisición Total de préstamos Signatura topográfica completa Código de barras Visto por última vez Precio de reemplazo Tipo de ítem Koha
        Colección digital Biblioteca del Ateneo de Madrid Biblioteca del Ateneo de Madrid Sala Pecera Planta 3 17/01/2008     G-11434 1158464 23/02/2023 23/02/2023 Libro impreso antiguo